Способ определения равновесности химического состава болотных вод от их гидродинамических условий

التفاصيل البيبلوغرافية
المؤلف الرئيسي: Шмаков А. В. Андрей Валентинович
مؤلف مشترك: Национальный исследовательский Томский политехнический университет (ТПУ)
مؤلفون آخرون: Шмакова Т. Х. Татьяна Христиановна
الملخص:опубл. 10.11.14
Изобретение относится к гидродинамическим и гидрохимическим исследованиям вод торфяных почв.
اللغة:الروسية
منشور في:
الموضوعات:
الوصول للمادة أونلاين:http://www.fips.ru/Archive/PAT/2014FULL/2014.11.10/DOC/RUNWC1/000/000/002/532/505/document.pdf
التنسيق: الكتروني كتاب
KOHA link:https://koha.lib.tpu.ru/cgi-bin/koha/opac-detail.pl?biblionumber=645757

MARC

LEADER 00000nlm0a2200000 4500
001 645757
005 20231101134400.0
029 1 0 |a RU  |b 2532505  |c Пат.  |d МПК E 21 B 49/08  |d МПК G 01 V 9/00 
035 |a (RuTPU)RU\TPU\network\10848 
035 |a RU\TPU\network\10847 
039 0 |a RU  |b 2013134198/03  |c 20130723 
090 |a 645757 
100 |a 20160121j20141110k y0rusy50 ca 
101 0 |a rus 
102 |a RU 
105 |a a k 000zy 
135 |a drgn ---uucaa 
181 0 |a i  
182 0 |a b 
200 1 |a Способ определения равновесности химического состава болотных вод от их гидродинамических условий  |f А. В. Шмаков, Т. Х. Шмакова  |g Национальный исследовательский Томский политехнический университет (ТПУ) 
203 |a Текст  |c электронный 
300 |a опубл. 10.11.14 
330 |a Изобретение относится к гидродинамическим и гидрохимическим исследованиям вод торфяных почв. 
610 1 |a патенты 
610 1 |a труды учёных ТПУ 
610 1 |a электронный ресурс 
610 1 |a изобретения 
610 1 |a равновесность 
610 1 |a химический состав 
610 1 |a болотные воды 
610 1 |a гидродинамические условия 
610 1 |a гидродинамические исследования 
610 1 |a гидрохимические исследования 
610 1 |a торфяные почвы 
700 1 |a Шмаков  |b А. В.  |c специалист в области гидрогеологии и геохимии  |c ассистент кафедры Томского политехнического университета  |f 1964-  |g Андрей Валентинович  |2 stltpush  |3 (RuTPU)RU\TPU\pers\26244 
701 1 |a Шмакова  |b Т. Х.  |c специалист в области гидрогеологии и геохимии  |c инженер Томского политехнического университета  |f 1967-  |g Татьяна Христиановна  |2 stltpush  |3 (RuTPU)RU\TPU\pers\36035 
712 0 2 |a Национальный исследовательский Томский политехнический университет (ТПУ)  |c (2009- )  |2 stltpush  |3 (RuTPU)RU\TPU\col\15902 
801 1 |a RU  |b 63413507  |c 20120201 
801 2 |a RU  |b 63413507  |c 20160303  |g RCR 
856 4 |u http://www.fips.ru/Archive/PAT/2014FULL/2014.11.10/DOC/RUNWC1/000/000/002/532/505/document.pdf 
942 |c CF